[Event "VI Open"]
[Site "Gioiosa Marea ITA"]
[Date "2000.07.??"]
[Round "?"]
[White "De Santis, Alessio"]
[Black "Piscopo, Pierluigi"]
[Result "0-1"]
[WhiteElo "2309"]
[BlackElo "2134"]
[PlyCount "120"]
[EventDate "2000.07.16"]

1. d4 f5 2. c4 Nf6 3. Nc3 g6 4. g3 Bg7 5. Bg2 O-O 6. Nh3 Nc6 7. f4 d6 8. d5 Nb8
9. Nf2 c6 10. O-O cxd5 11. cxd5 Qb6 12. Na4 Qb5 13. Be3 Bd7 14. b3 Na6 15. Rc1
Qa5 16. Nc3 Rac8 17. Bd4 Nc5 18. Qd2 b5 19. Qb2 b4 20. Ncd1 Rc7 21. Ne3 Rfc8
22. Nc4 Qa6 23. Nd3 Nxd3 24. exd3 Be8 25. Rce1 Bf7 26. Re2 Ne8 27. Rfe1 Kf8 28.
h3 Bxd4+ 29. Qxd4 Nf6 30. Kh2 Rd8 31. g4 fxg4 32. f5 gxh3 33. Bxh3 g5 34. Rxe7
Rxe7 35. Qxf6 Rxe1 36. Qxd8+ Re8 37. Qxg5 Qxa2+ 38. Kg1 Re1+ 39. Bf1 Qa1 40.
Qd8+ Kg7 41. Qg5+ Kh8 42. Qf4 Bxd5 43. Ne3 Bxb3 44. Kf2 Rxe3 45. Qxe3 Qe5 46.
Qxa7 Qc5+ 47. Qxc5 dxc5 48. Bg2 Kg7 49. Ke3 Kf6 50. d4 cxd4+ 51. Kxd4 Bc2 52.
Bd5 b3 53. Kc3 Kxf5 54. Bg8 h5 55. Kd2 Kf4 56. Bd5 h4 57. Be6 Kg3 58. Bd5 h3
59. Bh1 h2 60. Bd5 Kf4 0-1

[Event "VI Open"]
[Site "Gioiosa Marea ITA"]
[Date "2000.07.??"]
[Round "?"]
[White "Djukic, Nikola"]
[Black "Pavlovic, Goran"]
[Result "1-0"]
[WhiteElo "2332"]
[BlackElo "2357"]
[PlyCount "73"]
[EventDate "2000.07.16"]

1. d4 e6 2. c4 f5 3. g3 Nf6 4. Bg2 d5 5. Nh3 c6 6. O-O Bd6 7. Bf4 O-O 8. Nd2
Be7 9. Rb1 a5 10. Qc2 Na6 11. a3 Bd7 12. Be5 Ng4 13. Nf4 Nxe5 14. dxe5 b5 15.
cxb5 cxb5 16. Nb3 Kh8 17. h4 a4 18. Nd4 Qb6 19. e3 Nc5 20. Rfd1 Qb8 21. Nf3 Ra6
22. Qe2 Rb6 23. Rd4 Nb3 24. Rb4 Bxb4 25. axb4 Rc6 26. Ng5 Qe8 27. Bf3 Rc4 28.
Kg2 g6 29. h5 Qe7 30. hxg6 Qxg5 31. Rh1 Kg8 32. Rxh7 Be8 33. g7 Rf6 34. Rh8+
Kxg7 35. Rxe8 Rxf4 36. exf6+ Kf7 37. exf4 1-0

[Event "VI Open"]
[Site "Gioiosa Marea ITA"]
[Date "2000.07.26"]
[Round "4"]
[White "Tirrito, Luca"]
[Black "Ristic, Nenad"]
[Result "1-0"]
[WhiteElo "1699"]
[BlackElo "2427"]
[PlyCount "125"]
[EventDate "2000.07.16"]

1. e4 d5 2. exd5 Nf6 3. Bb5+ Bd7 4. Bxd7+ Qxd7 5. c4 c6 6. dxc6 Qxc6 7. Qf3
Qxc4 8. Nc3 Nc6 9. d3 Qa6 10. Bf4 Rd8 11. O-O-O Nb4 12. d4 Rc8 13. a3 Na2+ 14.
Kd2 Nxc3 15. bxc3 e6 16. Ra1 Bxa3 17. Ne2 b5 18. Rhb1 Nd5 19. Qd3 Nxf4 20. Nxf4
Rb8 21. Qg3 Qd6 22. Nxe6 fxe6 23. Rxa3 Qxg3 24. hxg3 O-O 25. f3 Rb7 26. Ra6 Kf7
27. Rba1 Ra8 28. Kc2 Rc7 29. Kb3 Kf6 30. Re1 Re8 31. Re5 Rb7 32. Kb4 Rc8 33.
Rexe6+ Kf7 34. Rac6 Rcb8 35. Re5 a5+ 36. Kxa5 b4 37. cxb4 Rxb4 38. Rc7+ Kf6 39.
Rc6+ Kf7 40. Rf5+ Ke7 41. Rc8 Rxc8 42. Kxb4 Rc2 43. g4 Rxg2 44. Kc5 Ra2 45. Rh5
h6 46. Kd5 Ra3 47. Ke4 Ra1 48. g5 Ra5 49. d5 Ra4+ 50. Ke5 Ra3 51. gxh6 gxh6 52.
f4 Ra6 53. f5 Kf7 54. Rh3 Rb6 55. Rc3 Rb7 56. Rc6 Kg7 57. Rg6+ Kh7 58. d6 h5
59. Ke6 Rb1 60. d7 Re1+ 61. Kf7 Rd1 62. Ke7 Re1+ 63. Re6 1-0